[Event "GER rap10 FSM/V04 email"]
[Site "GER email"]
[Date "2014.09.01"]
[Round "?"]
[White "Kuerten, Detlef"]
[Black "Krebs, Juergen"]
[Result "1/2-1/2"]
[WhiteElo "1820"]
[BlackElo "2043"]
[PlyCount "81"]
[EventDate "2014.09.10"]
[EventType "tourn (corr)"]
[EventRounds "4"]
[EventCountry "GER"]
[SourceTitle "Corr 2015"]
[Source "ChessBase"]
[SourceDate "2015.07.17"]
[SourceVersion "1"]
[SourceVersionDate "2015.07.17"]
[SourceQuality "1"]

1. e4 e5 2. Nf3 Nc6 3. Bb5 a6 4. Ba4 Nf6 5. 0-0 Be7 6. Re1 b5 7. Bb3 0-0 8. c3 d6 9. h3 Na5 10. Bc2 c5 11. d4 Nd7 12. Nbd2 exd4 13. cxd4 Nc6 14. d5 Nce5 15. a4 Bb7 16. Nxe5 Nxe5 17. f4 Ng6 18. Nf3 Re8 19. g3 Bf6 20. h4 Nf8 21. h5 Nd7 22. g4 g6 23. Kg2 b4 24. g5 Bg7 25. a5 Qc7 26. Ra4 Re7 27. b3 Rae8 28. Bd2 Bc8 29. h6 Bh8 30. Ra2 Nf8 31. f5 gxf5 32. exf5 Ng6 33. fxg6 fxg6 34. Rxe7 Qxe7 35. Bd3 Bg4 36. Bc1 Qd7 37. Kh2 Rf8 38. Be4 Bh5 39. Qd3 c4 40. bxc4 Qg4 41. Re2 1/2-1/2

[Event "GER rap10 FSM/V04 email"]
[Site "GER email"]
[Date "2014.09.01"]
[Round "?"]
[White "Meissner, Ruediger"]
[Black "Kuerten, Detlef"]
[Result "1-0"]
[WhiteElo "1994"]
[BlackElo "1820"]
[PlyCount "85"]
[EventDate "2014.09.10"]
[EventType "tourn (corr)"]
[EventRounds "4"]
[EventCountry "GER"]
[SourceTitle "Corr 2015"]
[Source "ChessBase"]
[SourceDate "2015.07.17"]
[SourceVersion "1"]
[SourceVersionDate "2015.07.17"]
[SourceQuality "1"]

1. e4 e5 2. Nf3 Nc6 3. Bb5 a6 4. Ba4 Nf6 5. 0-0 b5 6. Bb3 Be7 7. Re1 d6 8. c3 0-0 9. h3 Na5 10. Bc2 c5 11. d4 cxd4 12. cxd4 Bb7 13. d5 Rc8 14. b3 Qc7 15. Bd3 Nd7 16. Bd2 f5 17. exf5 Bxd5 18. Nc3 Bf7 19. Rc1 Nc6 20. Ng5 Bxg5 21. Bxg5 d5 22. Bb1 Nb6 23. Qg4 Qd6 24. Rcd1 Nd4 25. f6 g6 26. Qg3 b4 27. Na4 Nxa4 28. Rxd4 Nc3 29. Rh4 Rc6 30. Rxh7 Kxh7 31. Qh4+ Kg8 32. Qh6 Qxf6 33. Bxf6 Rxf6 34. Qh4 Rb6 35. f3 Re8 36. Bd3 e4 37. fxe4 dxe4 38. Bc4 Bxc4 39. bxc4 a5 40. Qg5 a4 41. Qa5 Reb8 42. c5 Rc6 43. a3 1-0